Museo Diego Rivera - Anahuacalli (Record no. 10034)

MARC details
000 -CABECERA
campo de control de longitud fija 00709nam a2200229 a 4500
001 - NÚMERO DE CONTROL
campo de control BRL_1222
005 - FECHA Y HORA DE LA ÚLTIMA TRANSACCIÓN
campo de control 20190320211106.0
008 - DATOS DE LONGITUD FIJA--INFORMACIÓN GENERAL
campo de control de longitud fija 021213s1970----mx-ao#####---#000-0#spa-#
041 ## - CÓDIGO DE LENGUA
Código de lengua del texto/banda sonora o título independiente spa
044 ## - CÓDIGO DEL PAÍS DE LA ENTIDAD EDITORA/PRODUCTORA
Código MARC del país mx
050 #4 - SIGNATURA TOPOGRÁFICA DE LA BIBLIOTECA DEL CONGRESO
Número de clasificación F1219.3.A7
Número de documento/Ítem .M87 1970
110 2# - ENTRADA PRINCIPAL--NOMBRE DE ENTIDAD CORPORATIVA
Nombre de entidad corporativa o nombre de jurisdicción como elemento de entrada Anahuacalli (Museo)
9 (RLIN) 26164
245 10 - MENCIÓN DE TÍTULO
Título Museo Diego Rivera - Anahuacalli
260 ## - PUBLICACIÓN, DISTRIBUCIÓN, ETC.
Lugar de publicación, distribución, etc. México
Nombre del editor, distribuidor, etc. [Comite Organizador de los Juegos de la xix 0limpiada]
Fecha de publicación, distribución, etc. 1970
300 ## - DESCRIPCIÓN FÍSICA
Extensión 108 p.
Otras características físicas il. (algunas a color)
Dimensiones 22 cm.
500 ## - NOTA GENERAL
Nota general Au1426
600 14 - PUNTO DE ACCESO ADICIONAL DE MATERIA--NOMBRE DE PERSONA
Nombre de persona Rivera, Diego
Fechas asociadas al nombre 1886-1957
9 (RLIN) 1330
610 24 - PUNTO DE ACCESO ADICIONAL DE MATERIA--NOMBRE DE ENTIDAD CORPORATIVA
Nombre de entidad corporativa o nombre de jurisdicción como elemento de entrada Anahuacalli (Museo)
9 (RLIN) 26164
710 2# - PUNTO DE ACCESO ADICIONAL--NOMBRE DE ENTIDAD CORPORATIVA
Nombre de entidad corporativa o nombre de jurisdicción como elemento de entrada Comite Organizador de los Juegos de la XIX Olimpiada (México)
9 (RLIN) 26165
902 ## - CATALOGADOR
Iniciales GRL
942 ## - ELEMENTOS DE PUNTO DE ACCESO ADICIONAL (KOHA)
Fuente del sistema de clasificación o colocación Library of Congress Classification
Tipo de ítem Koha Libros
Holdings
Estado de retiro Estado de pérdida Estado dañado No para préstamo Localización permanente Ubicación/localización actual Fecha de adquisición Número de inventario Total de préstamos Signatura topográfica completa Código de barras Fecha visto por última vez Precio válido a partir de Tipo de ítem Koha
El ejemplar forma parte de la colección y puede ser consultado según las políticas vigentes.       Biblioteca Centro de Estudios Ruth D. Lechuga Biblioteca Centro de Estudios Ruth D. Lechuga 02/12/2013 Au1426   F1219.3.A7 .M87 1970 (Au1426) GRL01340 22/03/2019 22/03/2019 Libros